000 00410nam a2200145Ia 4500
008 220216s9999 xx 000 0 und d
100 _aChoudhury M
245 0 _aRubber research and training centre at Hahara, kamrup, Assam: A birds eye view
260 _bRubber Board Bulletin
_c2008
300 _a14-Oct
650 _aAssam
650 _aRubber research
700 _aGoswami Pranab Chandra
942 _cJS
999 _c67953
_d67953